Statistics for Words by elements

Click here to take the quiz!

General Stats

  • This quiz has been taken 14 times
  • The average score is 7 of 8

Answer Stats

HintAnswer% Correct
aluminium sulphur oxygenalso
100%
hydrogen iodinehi
100%
beryllium carbon potassiumbeck
92%
boron uranium nitrogen nitrogen yttriumbunny
92%
boron uranium yttriumbuy
92%
yttrium einsteiniumyes
75%
molybdenum astatinemoat
67%
tungsten astatine erbiumwater
67%

Score Distribution

Percentile by Number Answered

Percent of People with Each Score

Your Score History

You have not taken this quiz